| 000 | 00471nam a22001697a 4500 | ||
|---|---|---|---|
| 003 | OSt | ||
| 005 | 20140310182346.0 | ||
| 008 | 130927t xxu||||| |||| 00| 0 eng d | ||
| 050 |
_aPE 1130 _b.Or74 1981 |
||
| 082 |
_aGS 398 _bOr7 1981 |
||
| 245 | _aThe orphan and Nia ngao Zhua pa / | ||
| 260 |
_aSt. Paul : _bMinnesota Curriculum services center, _c1981. |
||
| 300 |
_a32p. ; _bill. ; _c22 cm. |
||
| 650 |
_aFolklore _96494 |
||
| 942 |
_2lcc _cBK-GS |
||
| 999 |
_c12231 _d12231 |
||